| 000 | 004540000a22001690004500 | ||
|---|---|---|---|
| 041 | 0 | _aSPA | |
| 082 | 0 | 4 | _aG 270.6 F5331i |
| 100 | 1 | _aFisher, Jorge P. | |
| 245 | 1 | 0 | _aHistoria de la reforma / Jorge P. Fisher; Hubert W. Brown, Traductor |
| 260 | _aSan José, Costa Rica : Caribe | ||
| 300 | _a498 Pag | ||
| 001 | 9560 | ||
| 942 | _cBK | ||
| 999 |
_c39516 _d39516 |
||
| 336 |
_atexto _btxt _2rdacontent |
||
| 337 |
_2rdamedia _asin mediación _bn |
||
| 338 |
_2rdacarrier _avolumen _bnc |
||